Del sentido de la vida: un ensayo filosófico
Guardat en:
| Autor principal: | |
|---|---|
| Format: | Llibre |
| Idioma: | espanyol |
| Publicat: |
Barcelona
Herder
2005
|
| Matèries: | |
| Etiquetes: |
Afegir etiqueta
Sense etiquetes, Sigues el primer a etiquetar aquest registre!
|
MARC
| LEADER | 00000nam a2200000 a 4500 | ||
|---|---|---|---|
| 001 | UCJ2624 | ||
| 003 | CL-VaPUC | ||
| 008 | 070104e20050000SP |||||||||||||||||spa|d | ||
| 020 | |a 8425423805 | ||
| 082 | 0 | 4 | |a 150.195 |b GRO |2 21 |
| 100 | |a Grondin, Jean |e author |9 599953 | ||
| 245 | 1 | 0 | |a Del sentido de la vida: un ensayo filosófico |
| 300 | |a 157 p | ||
| 942 | |c BK | ||
| 945 | |d 20070104 00:00:00 |a jtorresc | ||
| 260 | |a Barcelona |b Herder |c 2005 | ||
| 650 | 0 | |a Psicología |9 257863 | |
| 650 | 0 | |a Personalidad |9 307255 | |
| 650 | 0 | |a Trastornos del comportamiento |9 311363 | |
| 650 | 0 | |a Psicología individual |9 309049 | |
| 583 | |a last modification |c 20070104 00:00:00 |k Rodrigo Vera | ||
| 999 | |c 318816 |d 318814 | ||
| 952 | |0 0 |1 0 |4 0 |6 150_195000000000000_GRO_2005 |7 0 |8 A |9 396957 |a BIBEDU |b BIBEDU |d 2019-11-22 |i 429789K |o 150.195 GRO 2005 |p 429789K |r 2019-11-22 |w 2019-11-22 |y BK |k FIL | ||